000 00874nam a2200253Ia 4500
003 OSt
005 20220923215437.0
006 a|||||r|||| 00| 0
007 ta
008 220922b |||||||| |||| 00| 0 hin d
024 _a178,770
037 _cTextual
040 _aARTS
_cARTS
_bhin
041 _2hin
_ahin
082 _aO152,1M89:g, L7
100 _aयुगेश्वर
_9156277
245 0 _aप्रसाद का काव्य का नया मूल्यांकन
246 _aPrasād kā kāvya kā nayā mūlyāankana
260 _aवाराणसी
_b हिन्दी प्रकाशन संस्थान
_c1977
300 _a210 पृ.
_ccm.
650 _aहिन्दी साहित्य
_9156264
942 _hO152,1M89:g, L7
_cTEXL
_2CC
999 _c332151
_d332151